Thoughts on the Indian police (Record no. 22227)

MARC details
000 -LEADER
fixed length control field 00341nam a2200133Ia 4500
082 ## - DEWEY DECIMAL CLASSIFICATION NUMBER
Classification number 363.2 THO;
245 #0 - TITLE STATEMENT
Title Thoughts on the Indian police
260 ## - PUBLICATION, DISTRIBUTION, ETC. (IMPRINT)
Place of publication Karnataka
Name of publisher Government of Karnataka
Year of publication 1982
300 ## - PHYSICAL DESCRIPTION
Number of Pages 168p.
650 ## - SUBJECT ADDED ENTRY--TOPICAL TERM
Topical Term Thought and thinking
650 ## - SUBJECT ADDED ENTRY--TOPICAL TERM
Topical Term Police - Study and teaching - India
700 ## - ADDED ENTRY--PERSONAL NAME
Personal name Rao, G.V.
942 ## - ADDED ENTRY ELEMENTS (KOHA)
Koha item type Books
Holdings
Withdrawn status Lost status Damaged status Not for loan Home library Current library Date acquired Bill Date Full call number Accession Number Price effective from Koha item type
        NASSDOC Library NASSDOC Library 08/06/2004 2004-10-05 363.2 THO; 37761 18/04/2019 Books